Statistics for Flags of Countries after the Dissolution of the Soviet Union

Click here to take the quiz!

General Stats

  • This quiz has been taken 98 times
  • The average score is 129 of 188

Answer Stats

Answer% Correct
Japan
99%
South Korea
96%
Chile
95%
Poland
95%
Bahrain
92%
Malta
92%
Cyprus
90%
Czechoslovakia
90%
Finland
88%
Bulgaria
87%
Israel
87%
San Marino
87%
Uruguay
87%
Pakistan
86%
Slovenia
86%
Germany
85%
Oman
85%
Panama
85%
Belgium
83%
Canada
82%
Denmark
82%
Egypt
82%
Kenya
82%
Liberia
82%
Madagascar
82%
Qatar
82%
Switzerland
82%
Turkey
82%
United States
82%
Austria
81%
Jordan
81%
Latvia
81%
Lebanon
81%
Russia
81%
Uganda
81%
Hungary
80%
Malaysia
80%
Monaco
80%
Peru
80%
Syria
80%
Tunisia
80%
Yemen
80%
Indonesia
79%
Iraq
79%
Singapore
79%
Malawi
77%
Tonga
76%
Albania
75%
China
75%
Netherlands
75%
Norway
75%
Spain
75%
Sudan
75%
Thailand
75%
Croatia
74%
Luxembourg
74%
Vietnam
74%
Antigua and Barbuda
73%
Trinidad and Tobago
73%
Angola
71%
Papua New Guinea
71%
Paraguay
71%
Grenada
69%
Argentina
68%
Australia
68%
Belarus
68%
Brazil
68%
Burundi
68%
Cambodia
68%
France
68%
Iceland
68%
Morocco
68%
Nepal
68%
New Zealand
68%
Taiwan
68%
United Kingdom
68%
Cuba
67%
Dominican Republic
67%
Estonia
67%
Fiji
67%
Ghana
67%
Greece
67%
Honduras
67%
India
67%
Jamaica
67%
Mongolia
67%
Nicaragua
67%
Portugal
67%
Yugoslavia
67%
Armenia
65%
Bhutan
65%
Colombia
65%
Ecuador
65%
Iran
65%
Ireland
65%
Italy
65%
Ivory Coast
65%
Laos
65%
Mexico
65%
Niger
65%
Saudi Arabia
65%
Sri Lanka
65%
Vatican City
65%
Venezuela
65%
Algeria
64%
Bangladesh
64%
Belize
64%
Central African Republic
64%
Costa Rica
64%
F. S. Micronesia
64%
Kiribati
64%
Kuwait
64%
Libya
64%
Lithuania
64%
Maldives
64%
Rwanda
64%
Somalia
64%
Sweden
64%
Tuvalu
64%
Ukraine
64%
Uzbekistan
64%
Western Samoa
64%
Afghanistan
63%
Andorra
63%
Botswana
63%
Burkina Faso
63%
El Salvador
63%
Guatemala
63%
Guyana
63%
Haiti
63%
Liechtenstein
63%
Mozambique
63%
Nigeria
63%
North Korea
63%
Romania
63%
Tanzania
63%
Togo
63%
United Arab Emirates
63%
Zambia
63%
Barbados
62%
Bolivia
62%
Brunei
62%
Chad
62%
Dominica
62%
Equatorial Guinea
62%
Gabon
62%
Marshall Islands
62%
Mauritius
62%
Moldova
62%
Philippines
62%
Saint Lucia
62%
Vanuatu
62%
Zimbabwe
62%
Azerbaijan
61%
Benin
61%
Mauritania
61%
Senegal
61%
Sierra Leone
61%
South Africa
61%
Swaziland
61%
Zaire
61%
Bahamas
60%
Cameroon
60%
Congo
60%
Gambia
60%
Guinea-Bissau
60%
Nauru
60%
Saint Vincent and the Grenadines
60%
São Tomé and Príncipe
60%
Suriname
60%
Djibouti
58%
Mali
58%
Namibia
58%
Lesotho
57%
Saint Kitts and Nevis
57%
Solomon Islands
57%
Tajikistan
57%
Guinea
55%
Kazakhstan
55%
Myanmar
55%
Georgia
54%
Kyrgyzstan
52%
Turkmenistan
51%
Comoros
49%
Ethiopia
44%
Seychelles
37%
Cape Verde
35%
Macedonia
27%

Score Distribution

Percentile by Number Answered

Percent of People with Each Score

Your Score History

You have not taken this quiz